01118nam a2200169Ia 450000500170000000800410001702000150005805000160007308200180008910000450010724500660015226000340021830000250025250506130027765000270089065000310091720231102150534.0120622s1979 mx r 000 0 spa d a968432359X 4aJX3091bT77 4a341.76bT866n1 aTrueba Urbina, Albertod1903-1984eautor11aNuevo derecho internacional social c / Alberto Trueba Urbina3 aMéxicob : Porrúac, 1979 axxiii, 733 páginas1 aIntroducción al nuevo derecho internacional social El derecho social mexicano se proyecta en las constituciones del mundo El nuevo derecho internacinal social en la historia universal Fuentes del nuevo derecho internacional social Concepto del nuevo derecho internacional social Intergración del derecho internacional social en tratados y cartas mundiales Las naciones unidas y sus organismos internacionales sociales Legislación internacional social del trabajo Sujetos del nuevo derecho internacional social Justicia internacional social Del derecho internacional social al derecho socialista mundial14aDERECHO INTERNACIONAL 24aRELACIONES INTERNACIONALES